000 00286nam a22001337a 4500
003 SGT
020 _a9788171323234
082 _a371.9,PIL
100 _aPILLAI,M.G.
245 _aEXCEPTIONAL CHILDERN
260 _aJAIPUR
_bPOINTER PUBLISHARS
_c2023
300 _a152
942 _2ddc
_cBK
999 _c33654
_d33654